000 00815nam a2200217 4500
001 144780
003 ES-MaACL
005 20230906201110.0
007 t|
008 070214s1970 sp r ||||1| spa d
100 1 _aSlama-Cazacu, Tatiana.
_9106763
245 1 0 _aLenguaje y contexto
_b: el problema del lenguaje en la concepción de la expresión y de la interpretación por las organizaciones del contexto /
_cTatiana Slama-Cacazu ; [traducido del rumano por Carla del Solar].
250 _a1ª ed.
260 _aBarcelona ;
_aMéxico :
_bGrijalbo,
_c1970 (
_fDiamante)
300 _a345 p. ;
_c20 cm.
490 1 _aBiología y Psicología de hoy
700 1 _aSolar, Carla del.
_9107093
830 0 _aBiología y Psicología de hoy
_9184637
852 _aES-MaACL
_jC-39836
_bR.74481
999 _c144780
_d144780